000 00376 a2200133 4500
000 nam a22 7a 4500
100 _aTrivedi,Pankaj
110 _aTrivedi,Pankaj
245 _aSanskrit bhasha sahitya ebong shashtriyo itihas gyan kosh(7 vol Set)
250 _aLatest edition
260 _bParadise Publishers
_c2026
264 _bParadise Publishers
_c2026
942 _cBK
999 _c395845
_d395845